01010nam a2200217Ia 4500003000900000008004100009020001800050040001600068080002300084111012000107245024300227260003400470300001400504650004100518650001900559650003200578700003200610942000700642999001500649952012800664IN-BaIIA211028s9999 xx 000 0 eng d a3-540-51941-6 cIIA Library a524.78(082.2)bDYN aInternational Conference on Dynamics and Interactions of GalaxiescHeidelberg, Germanyd1989 29 May - 2 June916733 0aDynamics and interactions of galaxiesbproceedings of the international conference on dynamics and interactions of galaxies, held in Heidelberg, Germany, 29 May - 2 June 1989cedited by Ronald Wielen  aBerlinbSpringer-Verlagc1990 axv, 518p. aAstronomy and astrophysics thesaurus aGalaxies91286 aInteracting galaxies916734 aWielen, Ronald., ed.916735 cBK c9869d9869 00104070aBANbBANcGENd0000-00-00g1408.00l0o524.78(082.2)/ DYNp10779r2021-11-05v1408.00w0000-00-00yBKGRs. 1408